[Event "EU-Cup 19th"]
[Site "Rethymno"]
[Date "2003.09.28"]
[Round "1.1"]
[White "Cobb, Charles"]
[Black "Naiditsch, Arkadij"]
[Result "1-0"]
[WhiteElo "2393"]
[BlackElo "2574"]
[Annotator "Ribli,Z"]
[PlyCount "105"]
[EventDate "2003.09.28"]
[EventType "team-swiss"]
[EventRounds "7"]
[EventCountry "GRE"]
[SourceTitle "CBM 098"]
[Source "ChessBase"]
[SourceDate "2004.02.03"]
[SourceVersion "1"]
[SourceVersionDate "2004.02.03"]
[SourceQuality "1"]
[WhiteTeam "Cardiff"]
[BlackTeam "Eynatten"]
[WhiteTeamCountry "WLS"]
[BlackTeamCountry "BEL"]

1. c4 e5 2. Nc3 Bb4 {Dieser Zug ist relativ beliebt in der letzten Zeit. Die
schwarze Hauptidee ist die theoretischen Hauptvarianten zu vermeiden.} 3. Qc2 {
Der Damenzug ist genügsam, die prinzipielle Fortsetzung ist 3.Nd5.} (3. Nd5 $5)
3... c6 (3... Nf6 $5) 4. Nf3 Qe7 (4... d6 5. g3 Nf6 6. Bg2 O-O 7. O-O Re8 8. a3
Ba5 9. d3 h6 10. b4 Bb6 11. Bb2 Bg4 {0-1 Bronstein,D-Eingorn,V/Tallinn 1980/
EXT 2002 (71)}) 5. a3 (5. d3 h6 6. a3 Ba5 7. b4 Bc7 8. Bb2 d6 9. e4 Bg4 10. Be2
Nd7 11. h3 Be6 12. Rc1 Ngf6 13. O-O O-O 14. Rfe1 Rac8 15. d4 exd4 16. Nxd4 {
1-0 Sukiennik,M-Chmielarz,Z/Wisla 1998/EXT 2000 (42)}) 5... Ba5 (5... Bxc3 6.
Qxc3 d6 7. c5 $14 (7. b4 $14)) 6. d4 d6 (6... e4 7. b4 $5 (7. Nd2 $14) 7...
exf3 8. bxa5 fxg2 9. Bxg2 $14) 7. b4 Bc7 8. e4 a5 9. Rb1 (9. b5 $5 $14) 9...
axb4 10. axb4 Bg4 11. dxe5 dxe5 12. Be2 Nf6 13. O-O O-O 14. Be3 $14 {Weiß hat
einen kleinen Raumvorteil und eine etwas bessere Figurenstellung. Die
potentielle Schwächung des d4-Felds hat keine Bedeutung.} Nbd7 15. h3 (15. c5
$14 {[%cal Gf3d2,Gd2c4]}) 15... Bxf3 16. Bxf3 Rfd8 17. Na4 Nf8 {[%cal Gf8e6,
Ge6d4] Schwarz bereitet Ne6-Nd4 vor. Dieses Springermanöver ist aus der
Königsindischen Verteidigung bekannt.} 18. b5 $2 (18. Nc5 b6 19. Na4 $14) 18...
Ne6 19. b6 Bb8 20. c5 (20. Nb2 Nd4 21. Bxd4 exd4 22. Nd3 Nxe4 23. Rfe1 f5 24.
c5 Qh4 $15) 20... Nd4 $15 {[%csl Gd4]} 21. Bxd4 exd4 {[%cal Gb8h2]} 22. Nb2 {
[%cal Gb2d3] Weiß muss den Springer auf d3 stellen. Das Problem ist, dass
Schwarz schneller kommt.} Ra3 $1 {[%cal Ra3c3,Rc3c5]} 23. Nd3 Nd7 (23... Rc3
24. Qe2 Nd7 $17 {[%csl Rc5]}) 24. Rb3 Rxb3 25. Qxb3 Nxc5 $4 {[%mdl 8192] Ein
unglaublicher Fehler in ausgezeichneter Stellung! Es ist wahr, das der c5P
sehr schwach ist, aber der Textzug verliert eigentlich eine Figur.} (25... Ne5
$1 26. Rc1 (26. Nxe5 Qxe5 27. g3 Qxc5 $17) 26... Qg5 $19 {[%cal Gg5g1,Gg5c1,
Ge5d3,Ge5f3]}) 26. Qa3 {[%csl Rc5][%cal Ra3e7]} Bd6 27. e5 $1 {Mit diesem Zug
gewinnt Weiß die Figur.} Nxd3 (27... Bxe5 28. Re1 $18 {[%csl Rc5,Re5,Re7][%cal
Re1e7,Ra3e7]} (28. Qxc5 Bd6 29. Qc4 $18)) 28. exd6 Qxd6 29. Qxd3 $16 {Weiß hat
eine Figur mehr, aber Schwarz hat dafür zwei Bauern.} Qc5 30. Rb1 g6 31. Be4 (
31. g3 $16) 31... Re8 32. Qc2 Qa5 33. g3 {Das ist ein nützlicher Zug, Weiß
kann im Folgenden seine Königsstellung mit Kg2 verbessern.} Re6 34. Kg2 c5 {
Dieser Zug führt zu Vereinfachungen. Guter Rat ist schon teuer, aber
wahrscheinlich wäre es besser mit diesem Zug zu warten.} (34... Kg7 $142) 35.
Bxb7 Rxb6 36. Rxb6 Qxb6 37. Bd5 {[%mdl 4096] Das Endspiel ist praktisch
gewonnen für Weiß, weil Schwarz gleichzetig seine Schwächungen (f7P,c5P)
verteidigen und den Damentausch verhindern muss.} Kg7 38. Qc4 Qc7 39. Qb5 Qe7
40. Qb3 Qf6 (40... Qc7 41. Qb7 $16) 41. Qb5 Qd6 42. Qb7 Qf8 43. Qc7 $18 {
[%csl Gc7,Gd5] Jetzt sind alle schwarzen Figuren gefesselt. Die schwarze Dame
muss den f7-Bauern und den c5-Bauern gleichzeitig verteidigen.} Kg8 44. Kg1 Kg7
45. h4 Kg8 (45... h5 46. Qe5+ Kh7 47. Qf6 $18 {Jetzt im Falle von 47...Kg8
gewinnt Weiss mit 48.Qxg6+.}) 46. Be4 Kg7 47. Qe5+ f6 (47... Kg8 48. h5 $18)
48. Qc7+ Kh6 49. Kh2 $22 f5 50. Bd3 Qf6 51. Qxc5 f4 52. Qc1 Kh5 53. Be2+ (53.
Be2+ f3 54. Bxf3+ Qxf3 55. Qg5#) 1-0

[Event "EU-Cup 19th"]
[Site "Rethymno"]
[Date "2003.09.30"]
[Round "3.4"]
[White "Poldauf, Dirk"]
[Black "Kasimdzhanov, Rustam"]
[Result "1-0"]
[WhiteElo "2404"]
[BlackElo "2664"]
[Annotator "Ribli,Z"]
[PlyCount "93"]
[EventDate "2003.09.28"]
[EventType "team-swiss"]
[EventRounds "7"]
[EventCountry "GRE"]
[SourceTitle "CBM 098"]
[Source "ChessBase"]
[SourceDate "2004.02.03"]
[SourceVersion "1"]
[SourceVersionDate "2004.02.03"]
[SourceQuality "1"]
[WhiteTeam "Berlin SF"]
[BlackTeam "Sarajevo Bosna"]
[WhiteTeamCountry "GER"]
[BlackTeamCountry "BIH"]

1. c4 e5 2. Nc3 Bb4 3. Nd5 Bc5 {Dieser Läuferzug wird oft gespielt, aber
Schwarz hat viele Alternativen - 3...a5, 3...Ba5, 3...Bd6, 3...Be7.} 4. Nf3 (4.
e3 $5) 4... e4 $6 {Dieser konkrete Zug ist nicht die beste Möglichkeit für
Schwarz.} (4... c6 5. Nc3 Qe7 6. d4 exd4 7. Nxd4 Nf6 8. e3 O-O 9. Be2 d6 $11)
5. Ng5 $5 (5. d4 Bf8 6. Nd2 c6 7. Nc3 d5 $13) 5... e3 (5... f5 6. d4 Be7 7. Bf4
Na6 8. e3 Nf6 9. Nxe7 Qxe7 10. Be2 (10. h4 h6 11. Nh3 d6 12. Be2 Be6 13. h5 c6
14. Bg3 Bf7 15. Nf4 Nc7 {1/2-1/2 McNab,C-Motwani,P/Edinburgh SCO 2003/(15)})
10... O-O 11. h4 d6 12. h5 h6 13. Nh3 Qf7 14. Bg3 Be6 15. b3 Nb4 16. Nf4 a5 17.
a3 {1/2-1/2 Vigorito,D-Dembo,Y/Budapest HUN 2003/(42)}) (5... c6 6. Nxe4 cxd5
7. Nxc5 dxc4 8. Qa4 $16) 6. d4 (6. dxe3 $2 c6 7. Ne4 cxd5 8. Nxc5 Qa5+ $19) (6.
fxe3 $2 c6 7. Ne4 Qh4+ $19) 6... exf2+ 7. Kxf2 Be7 8. Nxe7 (8. Nf3 Nf6 9. Nxf6+
Bxf6 10. e4 d6 11. h3 O-O 12. Bf4 Re8 13. Qd3 b6 14. Re1 Bb7 15. g3 c5 16. e5
dxe5 17. dxe5 Be7 18. h4 Nc6 19. Ng5 g6 20. Qxd8 Nxd8 21. Bg2 {1/2-1/2 Renet,
O-Steingrimsson,H/Reykjavik 1993/CBM 35/[Ribli] (39)}) 8... Qxe7 9. e4 {
Der weiße König steht scheinbar unsicher auf f2, aber seine Zentrumsstellung
ist sehr stark und er hat das Läuferpaar.} d6 (9... Nc6 10. Nf3 d6 11. h3 f5
12. Bd3 fxe4 13. Bxe4 Nf6 14. Bd5 Qf8 15. Re1+ Ne7 16. Bg5 {1-0 Moro Adame,
A-Luna Oltra,F/Tarragona 1994/EXT 2002 (28)}) 10. h3 (10. Bd3 Nc6 (10... c5 $6
11. dxc5 dxc5 12. e5 $1 Nc6 13. Re1 $36) 11. Bc2 Nf6 12. Re1 $6 (12. h3 $5 $14)
12... Bg4 $1 13. Qd3 (13. Qd2 $5) 13... Nd7 $1 14. Ba4 {0-1 Lautier,J-Kramnik,
V/Cannes 1993/CBM 34/[Kramnik] (45)}) 10... Nc6 11. Nf3 f6 12. Bd3 $14 Qf7 (
12... Bg4 13. Be3 O-O-O 14. Qd2 $14) 13. Rf1 Nge7 14. Kg1 {[%csl Gc1,Gc4,Gd3,
Gd4,Ge4,Gg1][%cal Gf1f7]} Qh5 (14... O-O 15. e5 {[%cal Gd3h7]} dxe5 16. Ng5 (
16. Bxh7+ $2 Kxh7 17. Ng5+ fxg5 18. Rxf7 Rxf7 $17) 16... Qe8 17. Nxh7 Rf7 18.
d5 Nd4 19. Qh5 $40) 15. a3 $1 {[%cal Gb3b4,Ga1a2,Ga2f2]} O-O 16. b4 a6 17. Ra2
$1 {[%cal Ga2f2][%mdl 32] Ein ausgezeichneter Plan - Weiß bringt den Turm auf
der zweiten Reihe ins Spiel.} Qe8 18. Re2 {[%cal Ge2e8] Die weiße positionelle
Drohung ist 18.e5. Natürlich muss man die Stellung mit Läuferpaar öffnen.} Ng6
19. Qe1 {[%cal Ge1e8,Ge1g3]} Bd7 20. Qg3 Nce7 21. Rfe1 (21. e5 $6 {Jetzt kommt
dieser Durchbruch zu früh.} fxe5 22. dxe5 Bf5 23. Bxf5 Nxf5) 21... Rd8 22. Bb2
{Weiß hat großen Raumvorteil und Schwarz kann in seiner passiven Stellung nur
warten.} Be6 23. h4 $1 {[%csl Rg6][%cal Gh4h5]} (23. c5 $16) 23... h5 (23... h6
24. h5 Nh8 25. e5 $16) 24. Re3 b6 25. c5 $1 $16 {Schwarz ist gut vorbereitet
gegen den Durchbruch e4-e5, so dass dieser Zug logisch und stark ist.} bxc5 (
25... b5 $142) 26. bxc5 dxc5 27. d5 (27. dxc5 Qd7 28. Bc3 (28. Bxa6 Qc6 $11)
28... Qc8 $14) 27... Bg4 28. Qxc7 Bxf3 (28... Rc8 $142 29. Qg3 c4 $14) 29. gxf3
Rd7 (29... Nxh4 30. Kh1 $44) 30. Qg3 Qb8 31. Qxb8 (31. Qf2 $16) 31... Rxb8 32.
Ba1 a5 (32... Rd6 33. Bf1 {[%cal Gf1h3,Gh3c8]} Nxh4 34. Rc1 Rc8 35. Kf2 $44)
33. a4 $1 {[%csl Yb5][%cal Gd3b5] Weiß befestigt den a5-Bauern und seine
positionelle Drohung ist 34.Bb5.} (33. Rc1 Rc8 34. Bc3 $16) 33... Nc8 (33...
Nxh4 34. Rc1 Rc8 35. Bc3 c4 36. Bf1 Ra7 37. Be1 $16) 34. Bb5 Rdb7 35. Bc3 Nd6
36. Bf1 {[%cal Gf1h3,Gh3c8]} Ra8 (36... Nxh4 37. f4 $44) 37. Kh2 Ne5 38. Kg3 {
[%csl Gg3]} Ndc4 39. R3e2 Rb3 (39... Nd3 40. Rd1 $16) 40. Rc2 Na3 41. Rcc1 {
Die schwarze Figuren sind nur scheinbar aktiv, weil Weiß die wichtigsten
Eindringungsfelder kontrolliert.} Nd7 42. Bh3 {[%csl Gh3]} Nb6 43. d6 {[%cal
Rh3e6,Re6g8,Re6b3] Droht jetzt 44.Be6+.} c4 (43... Kf8 44. e5 $18) 44. e5 fxe5
45. Rxe5 $18 {[%csl Gc3,Gd6,Ge5,Rg8,Gh3][%cal Re5a5,Re5h5] Plötzlich hängt
alles in der schwarze Stellung und sein König steht allein im Sturm.} Ra7 46.
Be6+ Kh7 47. Bf5+ (47. Bf5+ Kg8 (47... Kh6 48. Re6+ $18) 48. Re7 Rxe7 49. dxe7
Kf7 50. Re1 $18) 1-0

[Event "Bundesliga 0304"]
[Site "Germany"]
[Date "2004.04.25"]
[Round "15.2"]
[White "Hickl, Joerg"]
[Black "Maiwald, Jens Uwe"]
[Result "0-1"]
[WhiteElo "2562"]
[BlackElo "2543"]
[Annotator "Ribli,Z"]
[PlyCount "102"]
[EventDate "2003.11.01"]
[EventType "team-tourn"]
[EventRounds "15"]
[EventCountry "GER"]
[SourceTitle "CBM 101"]
[Source "ChessBase"]
[SourceDate "2004.07.27"]
[SourceVersion "1"]
[SourceVersionDate "2004.07.27"]
[SourceQuality "1"]
[WhiteTeam "Hofheim"]
[BlackTeam "Kreuzberg"]
[WhiteTeamCountry "GER"]
[BlackTeamCountry "GER"]

1. Nf3 g6 2. g3 {Großmeister Hickl spielt gern die Systeme mit g3, Bg2 oder
als Schwarzer mit g6, Bg7.} Bg7 3. Bg2 d6 4. c4 e5 5. Nc3 f5 {Schwarz spielt
zuerst 5...f5 und später 6...Nf6, was zu einer elastischen Stellung führt.} 6.
d3 Nf6 7. O-O O-O 8. Rb1 h6 (8... a5 9. a3 (9. Bg5) 9... h6 (9... Nh5)) (8...
Nh5) 9. b4 {In dieser Variante besitzt Weiß gewöhnlich seine Chancen am
Damenflügel, während Schwarz am Königsflügel aktiv werden kann.} g5 {Schwarz
spielt eine gute Zugfolge - er wartet mit dem Springerzug Nb8-c6.} (9... Nc6
10. b5 Ne7 11. a4 g5 12. a5 $13) 10. Nd2 Nc6 {Wir haben eine gut bekannte
Stellung der Sizilianischen Verteidigung (geschlossene Variante), aber mit
umgekehrten Farben. Schwarz hat eine bequeme Stellung. Jetzt ist dieser
Springerzug besser als im 9. Zug, denn nach 11.b5 kann Schwarz 11...Nd4
spielen.} (10... f4 11. Nd5 (11. Nde4 $5 Nbd7 12. Qb3 Kh8 13. c5 $5) 11... Nbd7
12. Qc2 Nxd5 13. cxd5 Nf6 14. Qc4 Bg4 15. Bf3 Qd7 16. Re1 Bxf3 17. exf3 Qf7 $17
{0-1 Sakr,N-Braga,C/Bled 2002/EXT 2003 (38)}) 11. b5 {Vorsichtiger ist
wahrscheinlich der Zug 11.e3, wonach Schwarz nicht die Möglichkeit zu Nd4 hat.}
(11. e3 $5 a6 12. a3 Be6 13. Bb2 Qd7 14. Nd5 Rae8 15. Qc2 f4 16. exf4 gxf4 17.
Nxf6+ Rxf6 18. b5 axb5 19. cxb5 Nd8 20. d4 Bh3 21. dxe5 dxe5 22. Ne4 {1/2-1/2
Bareev,E-Milos,G/Shenyang 2000/CBM 79 (71)}) 11... Nd4 {[%mdl 4] Der Springer
steht aktiv im Zentrum und im Falle von späterem Ne6 kann der Springer z.B.
nach c5 weitergehen. Statt der Partiefortsetzung wäre 11...Ne7 passiver.} (
11... Ne7) 12. a4 Rb8 $13 {Schwarz verteidigt den b7-Bauern. Im folgenden
führen beide Spieler ihren Bauernsturm durch.} 13. Bb2 (13. e3 Ne6 14. Nd5 (14.
f4 $2 exf4 15. gxf4 gxf4 16. exf4 Ng4) 14... Nxd5 15. cxd5 Nc5 16. Qc2 f4 $13 (
16... g4 $13)) 13... h5 $6 {Dieser optimistische Zug schwächt die schwarze
Bauernstruktur am Königsflügel.} (13... f4 $13) 14. Nd5 (14. e3 Ne6 15. Nd5 g4
{Das wäre nur Zugumstellung zur Partiefortsetzung.}) 14... Ne6 15. e3 g4 16. a5
$6 (16. f4 $1 gxf3 17. Nxf3 $14 {[%csl Gb2,Gg2][%cal Gd1h5]}) 16... Bd7 (16...
c6 $2 17. Nxf6+ Rxf6 18. Bc3 $16) 17. Qc2 (17. f4 $1) 17... h4 18. c5 $2 {
Weiß spielt nur am Damenflügel und auf diese Weise beschränkt er seine Chancen.
Es war höchste Zeit f2-f4 zu spielen.} (18. f4) 18... h3 (18... Nxc5 19. Bxe5
$14) 19. Bh1 Nxd5 $1 (19... Bxb5 20. Qb3 {[%cal Gb3g8,Rb3b5]} Bd7 21. cxd6 cxd6
22. Ba3 $44) 20. Bxd5 c6 $36 21. Ba2 (21. Bxe6+ Bxe6 22. Nc4 Bxc4 23. Qxc4+ d5
$15) 21... d5 {[%csl Gd5,Ge5,Gf5] Schwarz hat ein sehr starkes Bauernzentrum
und gute potenzielle Angriffschancen am Königsflügel, während Weiß viele
Bauernschwächen am Damenflügel hat.} 22. e4 (22. f4 exf4 23. Bxg7 Kxg7 24. bxc6
Bxc6 (24... bxc6 25. Rxb8 Qxb8 26. exf4 Qb4 $36 (26... Nd4 27. Qc3 Qe5 $1 28.
fxe5 Ne2+ 29. Kf2 Nxc3 $13)) 25. exf4 (25. gxf4 Qxa5 $17) 25... Qxa5 $17) 22...
fxe4 (22... Qxa5 23. Ra1 Qxb5 24. exd5 cxd5 25. Bxd5 $44) 23. dxe4 Ng5 {
[%csl Gg5][%cal Gg5f3,Gg5e4]} 24. Rbe1 $2 (24. exd5 Bf5 {[%cal Rf5b1]} 25. Qc4
cxd5 26. Qxd5+ Kh7 $15) 24... Qxa5 $17 {[%cal Ra5a2,Ra5d2][%mdl 2048] Mit
diesem Zug gewinnt Schwarz einen Bauern; es hängt der a2B und es droht die
kleine Kombination 25...Qxd2 und 26...Nf3+.} 25. Bc1 (25. Ra1 $4 Qxd2 $19) (25.
Bc3 Qxb5 26. exd5 Bf5 $17) 25... Be6 {Schwarz hat einen gesunden Bauern mehr
und es gibt keine Kompensation für Weiß.} 26. exd5 cxd5 27. Kh1 Rf5 (27... Qxb5
28. Qg6 Qc6 29. Bb1 $132) (27... e4 $1 28. Nb3 Qd8 $19) 28. Nb3 Qxb5 $19 29.
Bxg5 Rxg5 30. Nd2 Qc6 {[%cal Gc6h1]} 31. Kg1 e4 32. Rd1 Bf7 33. Nb3 Qa4 (33...
b6 $19) 34. Qd2 Rf5 35. Nc1 d4 $6 (35... Rc8 $19) 36. Bxf7+ Rxf7 37. Qe2 {
[%cal Re2e4,Re2g4]} Qc6 38. Qxg4 Re8 39. Qxh3 Qxc5 40. Ne2 d3 41. Nf4 Qf5 42.
Qg2 Bh6 43. Nh3 a5 44. g4 Qf3 45. Qxf3 Rxf3 46. Kg2 b5 47. Rfe1 a4 48. Rxe4
Rxe4 49. Kxf3 Rd4 50. g5 Bg7 51. Nf4 a3 0-1

[Event "Groningen Casino"]
[Site "Groningen"]
[Date "1988.??.??"]
[Round "?"]
[White "Lautier, Joel"]
[Black "Rogers, Ian"]
[Result "0-1"]
[WhiteElo "2365"]
[BlackElo "2535"]
[Annotator "Rogers,I"]
[PlyCount "60"]
[EventDate "1988.12.21"]
[EventType "tourn"]
[EventRounds "9"]
[EventCountry "NED"]
[EventCategory "10"]
[SourceTitle "CBM 010"]
[Source "ChessBase"]
[SourceDate "1989.06.01"]
[SourceVersion "1"]
[SourceVersionDate "1989.06.01"]
[SourceQuality "1"]

1. d4 d6 2. c4 e5 3. Nf3 e4 4. Nfd2 ({Although} 4. Ng5 {is considered more
highly by the theoreticians, the text move is a very sensible method of
keeping out of trouble in an opening where Black tends to score remarkably
well. The game Knaak -Speelman, Thessaloniki Olympiad 1988, proved
particularly inspiring for Black when preparing for this game.}) 4... f5 5. e3
Nf6 6. Nc3 c5 $1 7. d5 $5 ({Black's 6th move, first played to my knowledge by
Rob Hartoch against me in Wijk aan Zee, 1985, is very annoying to meet, since
the best reply,} 7. Nb3 {seems to seriously misplace the king's knight.
However maintaining a pawn on d4 is vital; after} Nc6 8. f3 ({or} 8. f4 {
White can still claim a slight advantage. On the other hand 7.d5 concedes the .
..e5 square without compensation and leaves White struggling for equality.}))
7... g6 8. b3 Bg7 ({The peculiar looking} 8... Bh6 $5 9. Bb2 O-O {was also
possible, preventing the f3 advance and preparing a rapid assault with ...Qe7
and ...f4. At Lautier's age I would undoubtedly have chosen such a plan but
age breeds caution...}) 9. Bb2 Nbd7 10. Qc2 a6 11. Be2 Qe7 12. h3 Ne5 13. O-O-O
O-O {Both sides have more or less completed their development but, while Black
can simply prepare ...b5, White has difficulties finding a plan. Since g4
achieves little and can usually be well met by ...Nd3, White's only reasonable
idea is f3 or f4.} 14. a4 $2 (14. f4 {immediately allows} exf3 15. gxf3 Nf7 16.
Nf1 f4 $1 17. exf4 Bh6 {, although this is certainly no worse than the game
continuation. White should be trying to achieve f4 under improved
circumstances but I have yet to find a White piece formation which makes the
pawn break fully satisfactory. Lautier's choice, however, is undoubtedly
misguided. He hopes to prevent ...b5 outright, an impossible task, and thereby
merely ensures that when Black finally plays ...b5 White's queenside will
collapse.}) 14... Bd7 15. Rde1 Rae8 $1 16. Kb1 ({With Black ready to proceed
using force, this was the last chance for} 16. f3 {although} exf3 17. gxf3 Nf7
18. Bd3 f4 $1 {keeps Black on top.}) 16... Nd3 $1 17. Bxd3 exd3 18. Qxd3 Ne4 $1
19. Rhf1 ({A depressing choice, but} 19. Ndxe4 fxe4 20. Qe2 b5 $1 {opens up
enough lines on the queenside to ensure that White will not enjoy his extra
pawn (or two) for long, eg.} 21. cxb5 axb5 22. axb5 Rb8 {with terrible threats.
}) 19... b5 20. cxb5 axb5 21. axb5 ({If} 21. Nxb5 Bxb5 22. axb5 Bxb2 23. Kxb2
Qg7+ 24. Kc2 Ra8 {wins.}) 21... Bxc3 $1 22. Bxc3 Bxb5 23. Nc4 Rb8 24. Kc2 ({
The attempt to block the b-file with} 24. Bb2 {fails to} Bxc4 25. bxc4 (25.
Qxc4 Nd2+) 25... Rb3 $1 {etc.}) 24... Nxc3 25. Qxc3 Qe4+ 26. Kc1 ({Not} 26. Qd3
Bxc4 27. Qxe4 (27. bxc4 Rb2+) 27... Bxb3+ {winning a piece.}) 26... Bxc4 27.
Qxc4 ({During the game I thought that} 27. f3 {would have offered some
resistance, since if} Qxd5 28. Qxc4 {reaches a rook ending with only one pawn
less.}) ({However, Black can play} 27. f3 Rxb3 $1 28. Qxb3 Qxd5 29. Qd1 Bd3 $1
{winning comfortably.}) 27... Qxg2 28. Kd2 Rb4 29. Qd3 Rfb8 30. Rb1 Qxh3 {
The lazy man's winning method - take first, think later. Lautier, already
short of time, sensibly decides not to wait for ...Qf3 followed by one or ...
Ra8, ...c4 or ...f4 and so...} 0-1

[Event "Olympiad-28"]
[Site "Thessaloniki"]
[Date "1988.??.??"]
[Round "10"]
[White "Knaak, Rainer"]
[Black "Speelman, Jonathan S"]
[Result "0-1"]
[WhiteElo "2500"]
[BlackElo "2645"]
[Annotator "Rogers,I"]
[PlyCount "36"]
[EventDate "1988.11.13"]
[EventType "team-swiss"]
[EventRounds "14"]
[EventCountry "GRE"]
[SourceTitle "TD"]
[Source "ChessBase"]
[SourceDate "1994.03.01"]
[SourceVersion "1"]
[SourceVersionDate "1994.03.01"]
[SourceQuality "1"]
[WhiteTeam "German Dem Rep"]
[BlackTeam "England"]
[WhiteTeamCountry "DDR"]
[BlackTeamCountry "ENG"]

1. d4 d6 2. c4 e5 3. Nf3 {Exchanging queens offers less than nothing for White
- Black's king will find a safe haven on c7 after ...c6.} e4 4. Ng5 f5 {
In a mere four moves Speelman and Knaak have combined to produce a highly
unbalanced (although not unknown) position. The game has turned into a
reversed French, more or less, where Black's delay in achieving ...d5 is
compensated for by the time White will be forced to expend repositioning his
misplaced knight on g5.} 5. Nc3 c6 6. Nh3 Na6 $5 {Looking to support the ...d5
advance from c7.} 7. e3 Nf6 8. d5 $6 {White's plan preventing ...d5 is not of
itself bad, but it is at least poorly timed. White could have waited until the
Black knight was on c7 before committing himself to this advance - now the
Black knights are able to use the c5 and e5 outposts without delay.} g6 $1 9.
b3 Bg7 10. Bb2 O-O 11. Qd2 Ng4 $1 12. Be2 Nc5 13. Rd1 $2 {Although this move
leads to a rapid debacle, Knaak probably believed it was to be one of his
"safest" possibilities, worrying Black with latent threats to the d-pawn.
However after Speelman's next move White's king is permanently trapped in the
centre so a "risky" defence such as 13.0-0, 13.0-0-0 or 13.b4 was called for.}
({Speelman was rather skeptical about White's chances of survival after} 13. b4
Nd3+ {but at least White would have material solace in this line.}) (13. O-O-O
{is perhaps not the best try since after} Ne5 14. Kb1 Ned3 15. Ba1 {it is
clear that Black should be able to exploit his beautiful position; White
threatens 16.Bxd3 Nxd3 17.Nf4 easing the pressure but both} g5 ({and} 15... b5
{look good.})) ({That leaves} 13. O-O) ({or even} 13. dxc6 bxc6 14. O-O {
playing for} Qh4 15. Qxd6 $5 {when Black obviously has some advantage but
Speelman was convinced it was substantial.}) 13... Qh4 $1 14. Na4 ({A
desperate attempt to confuse the issue since} 14. O-O Be5 15. Bxg4 fxg4 (15...
Bxh2+ $5) 16. Nf4 Bf5 {is extremely ugly for White.}) 14... f4 $1 {The
decisive breakthrough which leaves the e3 square indefensible,} 15. Bxg7 ({e.g.
} 15. exf4 e3) ({or} 15. Bd4 Bxd4 16. exd4 e3) 15... fxe3 16. Qc3 Rxf2 17. Bh8
({Showing a sence of humour if nothing else. Speelman had trouble
demonstrating a forced win against} 17. Rd4 $5 {but since even} Kxg7 $5 {
is good for Black the question is purely academic.}) (17. Ra1 Rxg2+ 18. Kd1
Rxe2 $1) 17... Rxg2+ 18. Kf1 Ne5 $1 0-1